| 000 | 00000nas 2200000za 4500 |
| 001 | 9.855084 |
| 003 | CaOODSP |
| 005 | 20221107155221 |
| 007 | cr ||||||||||| |
| 008 | 180411d19241940oncar p oss f0###a0eng|d |
| 040 | |aCaOODSP|beng |
| 043 | |an-cn--- |
| 086 | 1 |aCS47-202E-PDF |
| 245 | 00|aReport on the button industry in Canada |h[electronic resource]. |
| 246 | 16|aButton industry in Canada |
| 260 | |aOttawa : |bDominion Bureau of Statistics, |c1926-1942. |
| 310 | |aAnnual |
| 362 | 0 |a1924-1940. |
| 500 | |aTitle from cover. |
| 500 | |aDigitized edition from print [produced by Statistics Canada]. |
| 550 | |aIssued 1931-1933 by General Manufactures Division; 1934-1940 by General Manufactures Branch. |
| 692 | 07|2gccst|aManufacturing industry |
| 710 | 1 |aCanada. |bDominion Bureau of Statistics. |
| 710 | 1 |aCanada. |bDominion Bureau of Statistics. |bGeneral Manufactures Division. |
| 710 | 1 |aCanada. |bCensus of Industry. |bGeneral Manufactures Branch. |
| 785 | 00|tReport on the button, buckle and fasteners industry in Canada |w(CaOODSP)9.855093 |